=LDR 00000nam 2200000 4500 =001 INLIS000000000001712 =005 20130612090118 =008 ***********************************Ind** =035 ##$$0010-061300000001712 =041 ##$$a Ind =082 ##$$a 551.5 =090 ##$$a 551.5, Raf m =100 ##$$a Rafi'i, Suryatna =245 ##$$a Meteorologi dan klimatologi, Drs.Suryatna Rafi'i =260 ##$$a 1995 $b Bandung =300 ##$$a 350 hlm, ilus, 21 cm =650 ##$$a Meteorologi =850 ##$$a NBPNMAT